[Event "BCF-chT3 0708 (4NCL)"]
[Site "Sunningdale"]
[Date "2008.05.03"]
[Round "9.4"]
[White "Parker, Robert"]
[Black "Armstrong, Malcolm J"]
[Result "1/2-1/2"]
[WhiteElo "2089"]
[BlackElo "2086"]
[PlyCount "35"]
[EventDate "2007.09.15"]
[EventType "team-tourn"]
[EventRounds "11"]
[EventCountry "ENG"]
[SourceTitle "EXT 2023"]
[Source "ChessBase"]
[SourceDate "2022.10.05"]
[SourceVersion "1"]
[SourceVersionDate "2022.10.05"]
[SourceQuality "1"]
[WhiteTeam "Mindsports"]
[BlackTeam "Slough Sharks III"]
[WhiteTeamCountry "ENG"]
[BlackTeamCountry "ENG"]

1. Nf3 Nf6 2. c4 e6 3. Nc3 d5 4. cxd5 exd5 5. d4 c6 6. Bf4 Nbd7 7. e3 Bb4 8. Qb3 Qa5 9. a3 Bxc3+ 10. Qxc3 Qxc3+ 11. bxc3 Ne4 12. Rc1 Nb6 13. Nd2 Nxd2 14. Kxd2 Bf5 15. c4 dxc4 16. Bxc4 Nxc4+ 17. Rxc4 0-0-0 18. Rhc1 1/2-1/2

[Event "BCF-chT3 0708 (4NCL)"]
[Site "Sunningdale"]
[Date "2008.03.01"]
[Round "7.4"]
[White "Player, Edmund C"]
[Black "Parker, Robert"]
[Result "1/2-1/2"]
[WhiteElo "2126"]
[BlackElo "2092"]
[PlyCount "86"]
[EventDate "2007.09.15"]
[EventType "team-tourn"]
[EventRounds "11"]
[EventCountry "ENG"]
[SourceTitle "EXT 2023"]
[Source "ChessBase"]
[SourceDate "2022.10.05"]
[SourceVersion "1"]
[SourceVersionDate "2022.10.05"]
[SourceQuality "1"]
[WhiteTeam "Anglian Avengers"]
[BlackTeam "Mindsports"]
[WhiteTeamCountry "ENG"]
[BlackTeamCountry "ENG"]

1. e4 e5 2. Nc3 Nf6 3. Bc4 Nc6 4. d3 Bb4 5. Nge2 d5 6. exd5 Nxd5 7. 0-0 Be6 8. Bxd5 Bxd5 9. f4 0-0 10. f5 Bxc3 11. bxc3 f6 12. Ng3 Ne7 13. c4 Bc6 14. Be3 Qd7 15. Qg4 Kh8 16. Rf2 g6 17. Bh6 Rf7 18. fxg6 Qxg4 19. gxf7 Ng6 20. Raf1 Nf4 21. f8Q+ Rxf8 22. Bxf8 h5 23. Bh6 Bxg2 24. Rxg2 Nxg2 25. Kxg2 h4 26. Rxf6 hxg3 27. hxg3 Kh7 28. Bf8 Qd1 29. Rf2 Kg6 30. Bb4 e4 31. dxe4 Qd4 32. Kf3 c5 33. Bd2 Qxc4 34. Be3 b6 35. Rd2 Qxa2 36. g4 a5 37. g5 Qe6 38. Rh2 Qf7+ 39. Bf4 Qc4 40. Rh6+ Kf7 41. Rf6+ Ke7 42. Bd6+ Kd7 43. Be5 Qf1+ 1/2-1/2

[Event "BCF-chT3 0708 (4NCL)"]
[Site "Sunningdale"]
[Date "2008.01.12"]
[Round "5.2"]
[White "Parker, Robert"]
[Black "Tippleston, Charles E"]
[Result "1/2-1/2"]
[WhiteElo "2092"]
[BlackElo "2172"]
[PlyCount "49"]
[EventDate "2007.09.15"]
[EventType "team-tourn"]
[EventRounds "11"]
[EventCountry "ENG"]
[SourceTitle "EXT 2023"]
[Source "ChessBase"]
[SourceDate "2022.10.05"]
[SourceVersion "1"]
[SourceVersionDate "2022.10.05"]
[SourceQuality "1"]
[WhiteTeam "Mindsports"]
[BlackTeam "FCA Solutions"]
[WhiteTeamCountry "ENG"]
[BlackTeamCountry "ENG"]

1. d4 d5 2. c4 c6 3. Nf3 Nf6 4. cxd5 cxd5 5. Nc3 Nc6 6. Bf4 a6 7. e3 Bg4 8. Rc1 Rc8 9. Bd3 e6 10. 0-0 Bd6 11. Bxd6 Qxd6 12. h3 Bxf3 13. Qxf3 0-0 14. Bb1 Nd7 15. Rfd1 f5 16. Ne2 Nf6 17. Nf4 Ne7 18. Rxc8 Rxc8 19. Nd3 Nd7 20. Qf4 Qxf4 21. Nxf4 Kf7 22. Kf1 g5 23. Nd3 Kf6 24. Ke2 Rc6 25. Kd2 1/2-1/2

[Event "BCF-chT3 0607 (4NCL)"]
[Site "Sunningdale"]
[Date "2007.05.06"]
[Round "10.4"]
[White "Parker, Robert"]
[Black "Roberts, David Llewelyn"]
[Result "0-1"]
[WhiteElo "2097"]
[BlackElo "2139"]
[PlyCount "100"]
[EventDate "2006.09.16"]
[EventType "team"]
[EventRounds "11"]
[EventCountry "ENG"]
[SourceTitle "EXT 2008"]
[Source "ChessBase"]
[SourceDate "2007.11.25"]
[SourceVersion "1"]
[SourceVersionDate "2007.11.25"]
[SourceQuality "1"]
[WhiteTeam "Mindsports"]
[BlackTeam "SW Dragons II"]
[WhiteTeamCountry "ENG"]
[BlackTeamCountry "ENG"]

1. d4 Nf6 2. Nf3 b6 3. g3 Bb7 4. Bg2 c5 5. c3 g6 6. 0-0 Bg7 7. Nbd2 cxd4 8. cxd4 0-0 9. Ne5 Bxg2 10. Kxg2 d6 11. Nd3 Nc6 12. Nb3 Qd7 13. Be3 Qf5 14. f3 h5 15. Qd2 Kh7 16. Rac1 Rac8 17. Nf4 d5 18. Rc3 a5 19. Rfc1 Na7 20. Rc7 Nb5 21. Rxe7 Nd6 22. Qd3 a4 23. Rxc8 Rxc8 24. Nc1 Qxd3 25. Ncxd3 Nf5 26. Re5 Nd7 27. Rxf5 gxf5 28. Nxd5 Rc4 29. Ne7 Rc2 30. Kf2 a3 31. bxa3 Rxa2 32. Nxf5 Rxa3 33. Nxg7 Kxg7 34. h4 b5 35. Bd2 Nf6 36. Nb4 Rb3 37. e4 Ne8 38. e5 Nc7 39. d5 Nxd5 40. Nxd5 Rd3 41. Nf4 Rxd2+ 42. Ke3 Rd1 43. Nxh5+ Kh6 44. Nf4 b4 45. Nd3 b3 46. Ke2 Rc1 47. Nxc1 b2 48. Nb3 b1Q 49. Nd2 Qb5+ 50. Kf2 Qb2 0-1

[Event "BCF-chT3 0607 (4NCL)"]
[Site "Sunningdale"]
[Date "2007.03.03"]
[Round "7.7"]
[White "Hamblin, David J"]
[Black "Parker, Robert"]
[Result "1/2-1/2"]
[WhiteElo "2070"]
[BlackElo "2097"]
[PlyCount "30"]
[EventDate "2006.09.16"]
[EventType "team"]
[EventRounds "11"]
[EventCountry "ENG"]
[SourceTitle "EXT 2008"]
[Source "ChessBase"]
[SourceDate "2007.11.25"]
[SourceVersion "1"]
[SourceVersionDate "2007.11.25"]
[SourceQuality "1"]
[WhiteTeam "Cheddleton"]
[BlackTeam "Mindsports"]
[WhiteTeamCountry "ENG"]
[BlackTeamCountry "ENG"]

1. d4 Nf6 2. c4 e6 3. Nf3 b6 4. g3 Bb7 5. Bg2 Bb4+ 6. Bd2 Be7 7. 0-0 0-0 8. Nc3 d5 9. Ne5 Nbd7 10. Rc1 Nxe5 11. dxe5 Ne4 12. Nxe4 dxe4 13. Bc3 Qxd1 14. Rfxd1 Rad8 15. e3 a5 1/2-1/2

[Event "BCF-chT3 0506 (4NCL)"]
[Site "Birmingham"]
[Date "2006.03.04"]
[Round "7.6"]
[White "Parker, Robert"]
[Black "Hunt Grubbe, Henry H"]
[Result "1/2-1/2"]
[WhiteElo "2087"]
[BlackElo "1985"]
[PlyCount "58"]
[EventDate "2005.10.22"]
[EventType "team"]
[EventRounds "11"]
[EventCountry "ENG"]
[SourceTitle "EXT 2007"]
[Source "ChessBase"]
[SourceDate "2006.11.23"]
[SourceVersion "1"]
[SourceVersionDate "2006.11.23"]
[SourceQuality "1"]
[WhiteTeam "Mindsports"]
[BlackTeam "Bristol II"]
[WhiteTeamCountry "ENG"]
[BlackTeamCountry "ENG"]

1. d4 e6 2. c4 f5 3. Nf3 Nf6 4. Nc3 Bb4 5. Bg5 Bxc3+ 6. bxc3 0-0 7. e3 d6 8. Bd3 c5 9. 0-0 Nc6 10. e4 h6 11. Bxf6 Qxf6 12. exf5 exf5 13. Bc2 b6 14. Re1 Bb7 15. Qd2 Na5 16. Qd3 Ba6 17. Bb3 Rad8 18. d5 Rde8 19. Rac1 g5 20. Re2 g4 21. Nd2 Re5 22. Rce1 Rfe8 23. f4 Rxe2 24. Rxe2 Rxe2 25. Qxe2 Kf7 26. Qe3 h5 27. g3 Qe7 28. Qxe7+ Kxe7 29. Kf2 Kf6 1/2-1/2

[Event "BCF-chT3 0506 (4NCL)"]
[Site "Birmingham"]
[Date "2006.01.14"]
[Round "5.6"]
[White "Parker, Robert"]
[Black "Foord, Dominic"]
[Result "1-0"]
[WhiteElo "2087"]
[BlackElo "1915"]
[PlyCount "33"]
[EventDate "2005.10.22"]
[EventType "team"]
[EventRounds "11"]
[EventCountry "ENG"]
[SourceTitle "EXT 2007"]
[Source "ChessBase"]
[SourceDate "2006.11.23"]
[SourceVersion "1"]
[SourceVersionDate "2006.11.23"]
[SourceQuality "1"]
[WhiteTeam "Mindsports"]
[BlackTeam "Hilsmark Coventry"]
[WhiteTeamCountry "ENG"]
[BlackTeamCountry "ENG"]

1. d4 f5 2. Nf3 e6 3. c4 Nf6 4. Nc3 Bb4 5. a3 Bxc3+ 6. bxc3 0-0 7. Bg5 h6 8. Bxf6 Qxf6 9. e3 b6 10. Be2 Bb7 11. 0-0 d6 12. Nd2 Nd7 13. Bf3 c6 14. Qa4 Rfc8 15. e4 f4 16. Qb3 c5 17. e5 1-0

[Event "BCF-chT4b 0405 (4NCL)"]
[Site "Telford"]
[Date "2005.05.30"]
[Round "11.1"]
[White "Thomas, Joseff"]
[Black "Parker, Robert"]
[Result "1/2-1/2"]
[WhiteElo "2023"]
[BlackElo "2088"]
[PlyCount "30"]
[EventDate "2004.11.06"]
[EventType "team"]
[EventRounds "11"]
[EventCountry "ENG"]
[SourceTitle "EXT 2006"]
[Source "ChessBase"]
[SourceDate "2005.11.24"]
[SourceVersion "1"]
[SourceVersionDate "2005.11.24"]
[SourceQuality "1"]
[WhiteTeam "Monmouth"]
[BlackTeam "Mindsports II"]
[WhiteTeamCountry "ENG"]
[BlackTeamCountry "ENG"]

1. e4 e5 2. Bc4 Nf6 3. Nf3 Nc6 4. d3 Be7 5. Nc3 0-0 6. Be3 d6 7. Qd2 Na5 8. Bb3 Nxb3 9. axb3 a6 10. 0-0-0 Ng4 11. Rhg1 c6 12. Kb1 f5 13. exf5 Bxf5 14. h3 Nxe3 15. fxe3 Qb6 1/2-1/2

[Event "BCF-chT4b 0405 (4NCL)"]
[Site "Telford"]
[Date "2005.04.17"]
[Round "8.2"]
[White "Parker, Robert"]
[Black "Richmond, Peter A"]
[Result "1/2-1/2"]
[WhiteElo "2088"]
[BlackElo "2257"]
[PlyCount "89"]
[EventDate "2004.11.06"]
[EventType "team"]
[EventRounds "11"]
[EventCountry "ENG"]
[SourceTitle "EXT 2006"]
[Source "ChessBase"]
[SourceDate "2005.11.24"]
[SourceVersion "1"]
[SourceVersionDate "2005.11.24"]
[SourceQuality "1"]
[WhiteTeam "Mindsports II"]
[BlackTeam "Brown Jack"]
[WhiteTeamCountry "ENG"]
[BlackTeamCountry "ENG"]

1. d4 d5 2. c4 e6 3. Nc3 c6 4. cxd5 exd5 5. Nf3 Bf5 6. e3 Qb6 7. Bd3 Bxd3 8. Qxd3 Nf6 9. 0-0 Be7 10. Bd2 0-0 11. Rfc1 Re8 12. Na4 Qa6 13. Qxa6 Nxa6 14. a3 Rac8 15. Rc2 Nb8 16. Nc5 b6 17. Nd3 Ne4 18. Rac1 c5 19. dxc5 bxc5 20. Bb4 Na6 21. Bxc5 Rxc5 22. Nxc5 Naxc5 23. Nd4 Ne6 24. Nxe6 fxe6 25. Rc7 a5 26. R1c6 Bf6 27. Rb7 d4 28. f3 Nd2 29. Kf2 Rd8 30. exd4 Bxd4+ 31. Ke2 Bf6 32. Rc2 Bg5 33. Rb5 Bh6 34. g3 a4 35. Rbc5 Kf7 36. Rc7+ Kf6 37. f4 Nb3 38. Kf2 Nd4 39. R2c5 Rb8 40. Ke3 Nf5+ 41. Kf3 g5 42. g4 Nh4+ 43. Ke4 gxf4 44. Rxh7 Kg6 45. Rxh6+ 1/2-1/2

[Event "BCF-chT4 0304 (4NCL)"]
[Site "West Bromwich "]
[Date "2004.01.25"]
[Round "4.3"]
[White "Parker, Robert"]
[Black "Tweedie, Chris"]
[Result "1/2-1/2"]
[WhiteElo "2105"]
[BlackElo "2039"]
[PlyCount "108"]
[EventDate "2003.10.??"]
[EventType "team"]
[EventRounds "11"]
[EventCountry "ENG"]
[SourceTitle "EXT 2005"]
[Source "ChessBase"]
[SourceDate "2004.11.15"]
[SourceVersion "1"]
[SourceVersionDate "2004.11.15"]
[SourceQuality "1"]
[WhiteTeam "Mindsports II"]
[BlackTeam "Slough III"]
[WhiteTeamCountry "ENG"]
[BlackTeamCountry "ENG"]

1. d4 d5 2. Nf3 Nf6 3. Bg5 e6 4. e3 Be7 5. Bd3 Nbd7 6. Nbd2 c5 7. c3 Qc7 8. 0-0 0-0 9. Qe2 e5 10. e4 dxe4 11. Nxe4 exd4 12. cxd4 cxd4 13. Nxd4 Qd8 14. Nf5 Re8 15. Nxe7+ Rxe7 16. Rfe1 Kf8 17. Nxf6 Nxf6 18. Bxf6 gxf6 19. Qf3 Rxe1+ 20. Rxe1 Qa5 21. Qe3 Be6 22. a3 h5 23. Rc1 Rd8 24. h3 Qg5 25. Be4 Qxe3 26. fxe3 Rd2 27. Rc2 Rxc2 28. Bxc2 h4 29. Kf2 Ke7 30. Kf3 f5 31. Kf4 Kf6 32. Bd1 b6 33. Bf3 Bc4 34. Bc6 Be6 35. Bb7 Bb3 36. Bc8 Be6 37. Bb7 Bb3 38. g4 hxg3 39. Kxg3 Kg5 40. h4+ Kg6 41. Kf4 Kh5 42. Kxf5 Kxh4 43. e4 Kg3 44. Bd5 Bc2 45. Bxf7 Kf3 46. Bd5 Ke3 47. Ke5 Bd3 48. b4 a5 49. Kd6 axb4 50. axb4 Kd4 51. Bc6 Kc4 52. e5 Kxb4 53. e6 Bg6 54. e7 Bh5 1/2-1/2

[Event "BCF-chT4 0304 (4NCL)"]
[Site "West Bromwich "]
[Date "2004.01.24"]
[Round "3.3"]
[White "Forman, Karl"]
[Black "Parker, Robert"]
[Result "1-0"]
[WhiteElo "2028"]
[BlackElo "2105"]
[PlyCount "53"]
[EventDate "2003.10.??"]
[EventType "team"]
[EventRounds "11"]
[EventCountry "ENG"]
[SourceTitle "EXT 2005"]
[Source "ChessBase"]
[SourceDate "2004.11.15"]
[SourceVersion "1"]
[SourceVersionDate "2004.11.15"]
[SourceQuality "1"]
[WhiteTeam "Hilsmark Kingfisher II"]
[BlackTeam "Mindsports II"]
[WhiteTeamCountry "ENG"]
[BlackTeamCountry "ENG"]

1. e4 e5 2. f4 exf4 3. Nf3 h6 4. d4 g5 5. Bc4 d6 6. Nc3 Bg7 7. 0-0 Nc6 8. Ne2 Qe7 9. c3 Bd7 10. g3 0-0-0 11. gxf4 gxf4 12. Nxf4 Qxe4 13. Bxf7 Nge7 14. Qe2 Qxe2 15. Nxe2 Rdf8 16. Nh4 Rh7 17. Bh5 Bf6 18. Ng3 Rhh8 19. Ng2 Bg7 20. Bd2 Nd5 21. Rf7 Rxf7 22. Bxf7 Nf6 23. Rf1 Nd8 24. Bb3 Ne6 25. Nh4 Nh7 26. Nhf5 Nhg5 27. h4 1-0

[Event "BCF-chT3 0203 (4NCL)"]
[Site "West Bromwich"]
[Date "2003.05.24"]
[Round "9.6"]
[White "Sinnett, Glyn"]
[Black "Parker, Robert"]
[Result "0-1"]
[WhiteElo "1939"]
[BlackElo "2115"]
[PlyCount "66"]
[EventDate "2002.11.??"]
[EventType "team"]
[EventRounds "11"]
[EventCountry "ENG"]
[SourceTitle "EXT 2004"]
[Source "ChessBase"]
[SourceDate "2003.11.25"]
[SourceVersion "1"]
[SourceVersionDate "2003.11.25"]
[SourceQuality "1"]
[WhiteTeam "Nidum Knights"]
[BlackTeam "Mindsports"]
[WhiteTeamCountry "ENG"]
[BlackTeamCountry "ENG"]

1. e4 e5 2. Nf3 Nc6 3. Bc4 Bc5 4. c3 Bb6 5. 0-0 Nf6 6. d3 0-0 7. b4 d6 8. a4 a5 9. b5 Ne7 10. Be3 c6 11. Nbd2 Bg4 12. Bxb6 Qxb6 13. bxc6 bxc6 14. Rb1 Qc7 15. Qb3 Ng6 16. Qb7 Ra7 17. Qxc7 Rxc7 18. Rfc1 Nf4 19. Kf1 Rd8 20. Rb6 Nd7 21. Ra6 d5 22. exd5 cxd5 23. Bb5 Bxf3 24. gxf3 Nc5 25. Rxa5 Ncxd3 26. Rc2 Nb4 27. Rc1 Na2 28. Rc2 Nxc3 29. Nb3 Nxb5 30. Rxc7 Nxc7 31. Rc5 Nce6 32. Rc6 Rb8 33. Rc3 d4 0-1

[Event "BCF-chT3 0102 (4NCL)"]
[Site "Birmingham"]
[Date "2002.05.04"]
[Round "9.2"]
[White "Parker, Robert"]
[Black "Thompson, Ian D"]
[Result "0-1"]
[WhiteElo "2114"]
[BlackElo "2240"]
[PlyCount "58"]
[EventDate "2001.09.??"]
[EventType "team"]
[EventRounds "11"]
[EventCountry "ENG"]
[SourceTitle "EXT 2003"]
[Source "ChessBase"]
[SourceDate "2002.11.25"]
[SourceVersion "1"]
[SourceVersionDate "2002.11.25"]
[SourceQuality "1"]
[WhiteTeam "Mindsports"]
[BlackTeam "Guildford II"]
[WhiteTeamCountry "ENG"]
[BlackTeamCountry "ENG"]

1. d4 e6 2. Nf3 Nf6 3. c4 b6 4. g3 Ba6 5. b3 Bb4+ 6. Bd2 Be7 7. Bg2 c6 8. 0-0 0-0 9. Bc3 d5 10. Nbd2 Bb7 11. Ne5 Nfd7 12. f4 c5 13. e3 Nc6 14. Nxc6 Bxc6 15. f5 Bf6 16. Qg4 Qe7 17. Rae1 Rac8 18. Ba1 Rfe8 19. Nf3 exf5 20. Qxf5 dxc4 21. bxc4 Be4 22. Qg4 Bd3 23. Rf2 Bxc4 24. Ne5 Bxe5 25. dxe5 Be6 26. Qe4 c4 27. Rd2 Nc5 28. Qc2 Nd3 29. Rf1 Qg5 0-1

[Event "BCF-chT3 0102 (4NCL)"]
[Site "Birmingham"]
[Date "2002.03.23"]
[Round "7.4"]
[White "Kendall, Paul SN"]
[Black "Parker, Robert"]
[Result "0-1"]
[WhiteElo "1968"]
[BlackElo "2114"]
[PlyCount "74"]
[EventDate "2001.09.??"]
[EventType "team"]
[EventRounds "11"]
[EventCountry "ENG"]
[SourceTitle "EXT 2003"]
[Source "ChessBase"]
[SourceDate "2002.11.25"]
[SourceVersion "1"]
[SourceVersionDate "2002.11.25"]
[SourceQuality "1"]
[WhiteTeam "Milton Keynes"]
[BlackTeam "Mindsports"]
[WhiteTeamCountry "ENG"]
[BlackTeamCountry "ENG"]

1. e4 e5 2. Nf3 Nc6 3. Bb5 a6 4. Ba4 Nf6 5. d4 exd4 6. 0-0 Be7 7. e5 Ne4 8. c3 dxc3 9. Nxc3 Nxc3 10. bxc3 0-0 11. Qd3 d6 12. Bxc6 bxc6 13. Ba3 d5 14. Bxe7 Qxe7 15. Nd4 Bd7 16. Rfe1 c5 17. Nf5 Bxf5 18. Qxf5 Qe6 19. Qd3 Rad8 20. f4 d4 21. c4 g6 22. Rab1 Rb8 23. Rb3 Rb6 24. Kf2 Rfb8 25. h3 Rb4 26. g4 R8b6 27. Rc1 Qc8 28. Rxb4 Rxb4 29. Qe4 Qd8 30. Kg3 Ra4 31. e6 Ra3+ 32. Kg2 Re3 33. exf7+ Kxf7 34. Qc6 Qd6 35. Qxd6 cxd6 36. Rc2 Rc3 37. Rb2 d3 0-1

[Event "BCF-chT3d 0001 (4NCL) Demotion pool"]
[Site "Birmingham"]
[Date "2001.05.07"]
[Round "11.1"]
[White "Parker, Robert"]
[Black "Curtis, John"]
[Result "1/2-1/2"]
[WhiteElo "2119"]
[BlackElo "2064"]
[PlyCount "34"]
[EventDate "2000.11.26"]
[EventType "team-tourn"]
[EventRounds "4"]
[EventCountry "ENG"]
[SourceTitle "EXT 2002"]
[Source "ChessBase"]
[SourceDate "2001.11.25"]
[SourceVersion "1"]
[SourceVersionDate "2001.11.25"]
[SourceQuality "1"]
[WhiteTeam "Mindsports"]
[BlackTeam "Bristol III"]
[WhiteTeamCountry "ENG"]
[BlackTeamCountry "ENG"]

1. d4 Nf6 2. c4 c5 3. d5 e5 4. Nc3 d6 5. g3 Be7 6. h4 a6 7. a4 Bg4 8. Bh3 Qc8 9. Qd3 0-0 10. Bg5 Re8 11. f3 Bxh3 12. Nxh3 Nbd7 13. Nf2 Nf8 14. Bd2 h5 15. Nfe4 Nxe4 16. Nxe4 b5 17. Kf2 bxc4 1/2-1/2

[Event "BCF-chT3a 0001 (4NCL)"]
[Site "Birmingham"]
[Date "2001.01.27"]
[Round "5.1"]
[White "Yastrebov, Alexander"]
[Black "Parker, Robert"]
[Result "1/2-1/2"]
[WhiteElo "2165"]
[BlackElo "2119"]
[PlyCount "71"]
[EventDate "2000.11.26"]
[EventType "team-tourn"]
[EventRounds "7"]
[EventCountry "ENG"]
[SourceTitle "EXT 2002"]
[Source "ChessBase"]
[SourceDate "2001.11.25"]
[SourceVersion "1"]
[SourceVersionDate "2001.11.25"]
[SourceQuality "1"]
[WhiteTeam "Wood Green III"]
[BlackTeam "Mindsports"]
[WhiteTeamCountry "ENG"]
[BlackTeamCountry "ENG"]

1. e4 e5 2. Nf3 Nc6 3. Bb5 a6 4. Bxc6 dxc6 5. 0-0 f6 6. d4 exd4 7. Nxd4 c5 8. Nb3 Qxd1 9. Rxd1 Bd7 10. Bf4 0-0-0 11. Nc3 Be6 12. Rxd8+ Kxd8 13. Rd1+ Kc8 14. Nd2 Ne7 15. Nf1 Nc6 16. Nd5 Bxd5 17. exd5 Nd4 18. Rd2 Bd6 19. Bxd6 cxd6 20. Ne3 Re8 21. Kf1 f5 22. Nc4 Kc7 23. c3 Nb5 24. Re2 Rxe2 25. Kxe2 Kd7 26. Kf3 Nc7 27. Ne3 g6 28. Kf4 Ke7 29. Kg5 Ne8 30. f3 Nf6 31. h4 b5 32. h5 Kf7 33. b3 Kg7 34. h6+ Kf7 35. c4 b4 36. g4 1/2-1/2

[Event "Southend op"]
[Site "London"]
[Date "2000.??.??"]
[Round "4"]
[White "Parker, Robert"]
[Black "Pert, Richard G"]
[Result "0-1"]
[WhiteElo "2118"]
[BlackElo "2298"]
[PlyCount "90"]
[EventDate "2000.04.??"]
[EventType "swiss"]
[EventRounds "7"]
[EventCountry "ENG"]
[SourceTitle "EXT 2001"]
[Source "ChessBase"]
[SourceDate "2000.11.22"]
[SourceVersion "1"]
[SourceVersionDate "2000.11.22"]
[SourceQuality "1"]

1. d4 Nf6 2. Nf3 d5 3. c4 e6 4. Nc3 c6 5. e3 Nbd7 6. Bd3 Bd6 7. e4 dxe4 8. Nxe4 Nxe4 9. Bxe4 0-0 10. 0-0 h6 11. b3 e5 12. dxe5 Nxe5 13. Bb2 Nxf3+ 14. Qxf3 Qg5 15. h3 Be6 16. Qc3 f6 17. Qf3 Qf4 18. Qxf4 Bxf4 19. Rfe1 Kf7 20. Rad1 Rfe8 21. Bf3 Bc7 22. Bc3 Bf5 23. Kf1 Rxe1+ 24. Rxe1 Rd8 25. Rd1 Rxd1+ 26. Bxd1 Bb1 27. a4 Ke6 28. Ke2 Be5 29. Bxe5 Kxe5 30. Ke3 a5 31. f4+ Kd6 32. Kd4 c5+ 33. Ke3 b6 34. h4 g5 35. hxg5 fxg5 36. g3 Ke6 37. Kf3 Kf5 38. Ke3 gxf4+ 39. gxf4 Kg6 40. Kf3 Bf5 41. Kg3 Kf6 42. Kh4 Bd3 43. Kg4 Kg6 44. Kf3 Kf5 45. Ke3 Bb1 0-1

[Event "Southend op"]
[Site "London"]
[Date "2000.??.??"]
[Round "2"]
[White "Parker, Robert"]
[Black "Sugden, John N"]
[Result "1/2-1/2"]
[WhiteElo "2118"]
[BlackElo "2205"]
[PlyCount "86"]
[EventDate "2000.04.??"]
[EventType "swiss"]
[EventRounds "7"]
[EventCountry "ENG"]
[SourceTitle "EXT 2001"]
[Source "ChessBase"]
[SourceDate "2000.11.22"]
[SourceVersion "1"]
[SourceVersionDate "2000.11.22"]
[SourceQuality "1"]

1. d4 Nf6 2. c4 d6 3. Nc3 g6 4. e4 Bg7 5. Nf3 0-0 6. Be2 Nbd7 7. 0-0 e5 8. Be3 c6 9. h3 Re8 10. Qc2 Qe7 11. d5 c5 12. Nh2 Kh8 13. Qd2 Ng8 14. g4 Nf8 15. Kg2 f5 16. Bg5 Bf6 17. Bxf6+ Nxf6 18. f3 Ng8 19. Bd3 f4 20. Rh1 g5 21. Qf2 Ng6 22. Nf1 Nf6 23. Nd2 Nh4+ 24. Kf1 Bd7 25. Rb1 h5 26. Be2 hxg4 27. hxg4 Kg7 28. Nb3 b6 29. Na1 Rh8 30. Rg1 Ng6 31. Ke1 Rh4 32. Kd2 Rah8 33. Rbf1 a6 34. Qe1 Rb8 35. a4 Qd8 36. Nc2 Qc7 37. Rh1 Rbh8 38. Rxh4 Nxh4 39. Na3 Qc8 40. Kc1 Qe8 41. Qd1 Ng2 42. Qb3 Qd8 43. Nc2 Rh2 1/2-1/2

[Event "London SCCU op"]
[Site "London"]
[Date "1995.08.??"]
[Round "7"]
[White "Heasman, Richard"]
[Black "Parker, Robert"]
[Result "1/2-1/2"]
[WhiteElo "2140"]
[BlackElo "2085"]
[PlyCount "71"]
[EventDate "1995.08.14"]
[EventType "swiss"]
[EventRounds "9"]
[EventCountry "ENG"]
[SourceTitle "EXT 1999"]
[Source "ChessBase"]
[SourceDate "1998.11.16"]
[SourceVersion "1"]
[SourceVersionDate "1998.11.16"]
[SourceQuality "1"]

1. c4 Nf6 2. Nc3 e6 3. e4 d5 4. e5 Ne4 5. Nf3 Nc6 6. Be2 Be7 7. 0-0 0-0 8. Re1 f6 9. exf6 Bxf6 10. cxd5 exd5 11. Qb3 Nxc3 12. bxc3 Ne7 13. Ba3 c6 14. Bf1 Re8 15. Re3 Nf5 16. Rxe8+ Qxe8 17. Re1 Qf7 18. Ne5 Bxe5 19. Rxe5 Be6 20. Bd3 Re8 21. Qb1 g6 22. Qe1 Ng7 23. Bc2 d4 24. Bb3 dxc3 25. dxc3 Bxb3 26. axb3 Rxe5 27. Qxe5 Qe6 28. Qb8+ Qe8 29. Bd6 Qxb8 30. Bxb8 a6 31. Kf1 Kf7 32. Ke2 Ke6 33. Kd3 Ne8 34. Kc4 Nf6 35. Ba7 Nd7 36. Bd4 1/2-1/2

[Event "London SCCU op"]
[Site "London"]
[Date "1995.08.??"]
[Round "5"]
[White "Maduekwe, Chiedu U"]
[Black "Parker, Robert"]
[Result "1/2-1/2"]
[WhiteElo "2265"]
[BlackElo "2085"]
[PlyCount "42"]
[EventDate "1995.08.14"]
[EventType "swiss"]
[EventRounds "9"]
[EventCountry "ENG"]
[SourceTitle "EXT 1999"]
[Source "ChessBase"]
[SourceDate "1998.11.16"]
[SourceVersion "1"]
[SourceVersionDate "1998.11.16"]
[SourceQuality "1"]

1. d4 Nf6 2. c4 e6 3. Nc3 Bb4 4. e3 0-0 5. Bd3 d5 6. Nge2 c5 7. a3 cxd4 8. exd4 dxc4 9. Bxc4 Be7 10. 0-0 Nc6 11. Qd3 a6 12. Rd1 b5 13. Ba2 Bb7 14. Qh3 b4 15. axb4 Nxb4 16. Bb1 g6 17. Bh6 Re8 18. Nf4 Qd6 19. Ra5 Nfd5 20. Ncxd5 Bxd5 21. Nxd5 Nxd5 1/2-1/2

[Event "London SCCU op"]
[Site "London"]
[Date "1995.08.??"]
[Round "9"]
[White "Mashayekh, Majid"]
[Black "Parker, Robert"]
[Result "1/2-1/2"]
[WhiteElo "2048"]
[BlackElo "2085"]
[PlyCount "44"]
[EventDate "1995.08.14"]
[EventType "swiss"]
[EventRounds "9"]
[EventCountry "ENG"]
[SourceTitle "EXT 1999"]
[Source "ChessBase"]
[SourceDate "1998.11.16"]
[SourceVersion "1"]
[SourceVersionDate "1998.11.16"]
[SourceQuality "1"]

1. e4 e5 2. Nf3 Nc6 3. d4 exd4 4. Nxd4 Nf6 5. Nc3 Bb4 6. Nxc6 bxc6 7. Bd3 d5 8. exd5 Qe7+ 9. Qe2 Qxe2+ 10. Bxe2 cxd5 11. 0-0 Bxc3 12. bxc3 0-0 13. Bf4 c6 14. Bd3 Re8 15. Rfe1 Rxe1+ 16. Rxe1 Be6 17. f3 Nd7 18. Rb1 Nc5 19. Be3 Nxd3 20. cxd3 Bf5 21. Bxa7 Bxd3 22. Rb7 h6 1/2-1/2

[Event "London SCCU op"]
[Site "London"]
[Date "1995.08.??"]
[Round "8"]
[White "Parker, Robert"]
[Black "Moloney, Nicholas"]
[Result "1/2-1/2"]
[WhiteElo "2085"]
[BlackElo "2035"]
[PlyCount "58"]
[EventDate "1995.08.14"]
[EventType "swiss"]
[EventRounds "9"]
[EventCountry "ENG"]
[SourceTitle "EXT 1999"]
[Source "ChessBase"]
[SourceDate "1998.11.16"]
[SourceVersion "1"]
[SourceVersionDate "1998.11.16"]
[SourceQuality "1"]

1. d4 d5 2. c4 e6 3. Nc3 Nf6 4. Bg5 Be7 5. e3 0-0 6. Nf3 Nbd7 7. Rc1 c6 8. Bd3 dxc4 9. Bxc4 Nd5 10. Bxe7 Qxe7 11. 0-0 Nxc3 12. Rxc3 e5 13. Qc2 e4 14. Nd2 Nf6 15. Bb3 Bg4 16. Re1 Rad8 17. Rc5 Rfe8 18. Re5 Qc7 19. Nxe4 Rxe5 20. Nxf6+ gxf6 21. dxe5 fxe5 22. f3 Bh5 23. Rd1 Rd6 24. Rxd6 Qxd6 25. Qf5 Bg6 26. Qc8+ Kg7 27. Qxb7 Qd2 28. h3 Qxe3+ 29. Kh2 Qf4+ 1/2-1/2